| 000 | 01864nam a22002537a 4500 | ||
|---|---|---|---|
| 008 | 241121s2024 xxk|||||o|||| 00| 0 eng d | ||
| 020 | _a9781783215393 | ||
| 041 | _aeng | ||
| 100 | _aZehra, Kisa | ||
| 110 | _aRoyal Institution of Chartered Surveyors | ||
| 245 |
_aRICS sustainability report 2024 _h[Electronic resource] |
||
| 260 |
_aLondon, _bRoyal Institution of Chartered Surveyors, _c20 November 2024 |
||
| 300 | _a30p. | ||
| 520 | _aThe RICS Sustainability Report 2024 uncovers trends and sentiment of 4,000 built and natural environment professionals in 32 countries across the world. In a sector that accounts for almost 40% of global carbon emissions, tracking attitudes towards sustainable practices helps foretell the rate of decarbonisation and identify real-world barriers to progress. This year’s report suggests that the global built environment sector is making progress towards adopting a sustainability-centric approach within the commercial property and construction sector. However, there is much room for improvement. The report shines a spotlight on the lack of understanding and action around embodied carbon, a green skills gap, prohibitive costs, and the low prioritisation of biodiversity considerations. These are all challenges the sector will need to address in order to meet global targets. | ||
| 650 | _aSUSTAINABILITY | ||
| 650 | _aBUILT ENVIRONMENT | ||
| 650 | _aENVIRONMENT | ||
| 651 | _aInternational | ||
| 690 |
_96271 _aSustainability |
||
| 710 | _aRoyal Institution of Chartered Surveyors | ||
| 856 |
_uhttps://www.rics.org/content/dam/ricsglobal/documents/reports/RICS-Sustainability-Report_2024_Final.pdf _zAvailable free on RICS.org |
||
| 856 |
_uhttps://www.rics.org/content/dam/ricsglobal/documents/reports/RICS_Sustainability-report-2024-07-Infographic.pdf _zView the infographic here |
||
| 942 | _n0 | ||
| 999 |
_c122058 _d122058 |
||